书目信息 |
| 题名: |
中药饮片的现代研究与应用
|
|
| 作者: | 高文远 编著 | |
| 分册: | ||
| 出版信息: | 天津 天津大学出版社 2008.07 |
|
| 页数: | 381页 | |
| 开本: | 26cm | |
| 丛书名: | ||
| 单 册: | ||
| 中图分类: | R283.64 | |
| 科图分类: | ||
| 主题词: | 饮片--中药炮制学 | |
| 电子资源: | ||
| ISBN: | 978-7-5618-2726-0 | |
| 000 | 00718nam0 2200229 450 | |
| 001 | K8291094 | |
| 005 | 20100723115242.70 | |
| 010 | @a978-7-5618-2726-0@dCNY39.60 | |
| 100 | @a20100515d2008 ekmy0chiy0121 ea | |
| 101 | 0 | @achi |
| 102 | @aCN@b110000 | |
| 105 | @aa a 000yy | |
| 200 | 1 | @a中药饮片的现代研究与应用@Azhong yao yin pian de xian dai yan jiu yu ying yong@f高文远编著 |
| 210 | @a天津@c天津大学出版社@d2008.07 | |
| 215 | @a381页@c图@d26cm | |
| 320 | @a有书目 | |
| 330 | @a本书介绍了中药炮制加工手法、机理、生产质量标准、应用,以及企业建设与生产认证。 | |
| 606 | 0 | @a饮片@x中药炮制学 |
| 690 | @aR283.64@v4 | |
| 701 | 0 | @a高文远@Agao wen yuan@4编著 |
| 801 | 0 | @aCN@c20100515 |
| 905 | @dR283.64@eG180@f3 | |
| 中药饮片的现代研究与应用/高文远编著.-天津:天津大学出版社,2008.07 |
| 381页:图;26cm |
| ISBN 978-7-5618-2726-0:CNY39.60 |
| 本书介绍了中药炮制加工手法、机理、生产质量标准、应用,以及企业建设与生产认证。 |
| ● |
| 相关链接 |
|
|
|
正题名:中药饮片的现代研究与应用
索取号:R283.64/G180
 
预约/预借
| 序号 | 登录号 | 条形码 | 馆藏地/架位号 | 状态 | 备注 |
| 1 | 993789 | 209937899 | 自科库401/401自科库 12排3列4层/ [索取号:R283.64/G180] | 在馆 | |
| 2 | 993790 | 209937906 | 自科库401/401自科库 12排3列4层/ [索取号:R283.64/G180] | 在馆 | |
| 3 | 993791 | 209937915 | 自科库401/401自科库 12排3列4层/ [索取号:R283.64/G180] | 在馆 |